Seis países más cercanos: Estonia - Estadísticas

Estadísticas generales
  • Esta prueba ha sido intentada 45 veces
  • La puntuación promedio es 5 de 6
Estadísticas de respuestas
km país % Correcto
0 Letonia
100%
152 Lituania
100%
0 Rusia
98%
47 Finlandia
93%
157 Bielorrusia
74%
150 Suecia
74%
No se encontraron pruebas coincidentes
Distribución de puntuación
Porcentaje de gente con cada puntuación
Porcentaje por número respondido
Historial de tus puntuaciones
No has intentado esta prueba.